Études galiléennes /
Guardado en:
| Autor Principal: | |
|---|---|
| Formato: | Libro |
| Idioma: | French |
| Publicado: |
Paris :
Hermann,
c1966.
|
| Series: | Histoire de la pensée ;
15. |
| Materias: | |
| Etiquetas: |
Agregar Etiqueta
Sin Etiquetas, Sea el primero en etiquetar este registro!
|
| LEADER | 01130cam a22002775a 4500 | ||
|---|---|---|---|
| 001 | MAT.inmabb005107 | ||
| 008 | 720330s1966####fr#a#####b####000#0#fre## | ||
| 005 | 20130215161912.0 | ||
| 245 | 1 | 0 | |a Études galiléennes / |c Alexandre Koyré. |
| 260 | |a Paris : |b Hermann, |c c1966. | ||
| 300 | |a 341 p. : |b il. ; |c 21 cm. | ||
| 490 | 1 | |a École pratique des hautes études. Histoire de la pensée ; |v 15 | |
| 500 | |a Publicado originalmente en 1939 en 3 vols. (Actualités scientifiques et industrielles ; 852-854). | ||
| 504 | |a Incluye referencias bibliográficas. | ||
| 505 | 0 | |a A l'aube de la science classique -- La loi de la chute des corps. Descartes et Galilée -- Galilée et la loi d'inertie. | |
| 510 | 4 | |a MR, |c 80e:01013 |3 (de una traducción al inglés) | |
| 100 | 1 | |a Koyré, Alexandre, |d 1892-1964. | |
| 830 | 0 | |a Histoire de la pensée ; |v 15. | |
| 600 | 1 | 0 | |a Galilei, Galileo, |d 1564-1642. |
| 600 | 1 | 0 | |a Descartes, René, |d 1596-1650. |
| 650 | 0 | |a Dynamics. | |
| 650 | 0 | |a Science |x Philosophy. | |
| 084 | |a 01A45 |2 msc2000 | ||
| 010 | |a 67079744 | ||
| 040 | |a DLC |c OO |d OCoLC |d FrNiU |d DLC | ||
| 859 | |h 01A45 |i K88 |p A-2474 |b BIB. MATEMATICA | ||
